| 000 | 00591nam a2200229Ia 4500 | ||
|---|---|---|---|
| 005 | 20241216010437.0 | ||
| 008 | 180423s9999||||xx |||||||||||||| ||und|| | ||
| 020 | _a0-02-406500-5 | ||
| 082 |
_a525 _bS719 |
||
| 100 | _aSAWKINS FREDERICK Y OTROS | ||
| 245 | 4 |
_aTHE EARTH EVOLVING _bA TEXT IN PHYSICAL GEOLOGY |
|
| 250 | _a0 | ||
| 260 |
_aU.S.A. _c1974 |
||
| 300 |
_a477 pag _c24 cm |
||
| 341 | _h0 | ||
| 490 |
_v0 _a0 |
||
| 505 | _aGEOLOGY/ATOMS/MINERALS/ROCKS | ||
| 541 |
_aD _bBANCO MINERO DEL PERU _d31-Jan-00 |
||
| 650 | _aCIENCIAS PURAS | ||
| 856 | _zCC. Puras | ||
| 942 | _cLIBRO | ||
| 999 |
_c14592 _d14592 |
||